Lập trình ứng dụng - Excel nâng cao - Lập trình VBA trong Excel Dùng cho các phiên bản 2021, 2019, 2016

Giới thiệu lý thuyết và hướng dẫn thực hành lập trình VBA trong Excel: Tổng quan, sự khác biệt giữa VBA và Basic, tham chiếu đến các Range, vòng lặp và điều khiển dòng, các công thức kiểu R1C1, tạo và vận dụng các tên trong VBA, lập trình su...

Ful tanımlama

Kaydedildi:
Detaylı Bibliyografya
Yazar: Phạm Quang Huấn
Diğer Yazarlar: Phạm Quang Huy
Materyal Türü: Kitap
Dil:Vietnamese
Baskı/Yayın Bilgisi: H. Thanh niên 2022
Edisyon:Tái bản lần 1
Seri Bilgileri:Tủ sách STK
Konular:
Etiketler: Etiketle
Etiket eklenmemiş, İlk siz ekleyin!
Thư viện lưu trữ: Thư viện Trường Đại học Nam Cần Thơ
LEADER 02807nam a22003377a 4500
001 NCT_143986
008 181017b xxu||||| |||| 00| 0 vie d
999 |c 7414  |d 7414 
020 |a 9786043543735  |c 192000 
082 0 4 |2 23rd ed.  |a 005.54  |b H502 
100 1 |a Phạm Quang Huấn 
245 1 0 |a Lập trình ứng dụng - Excel nâng cao - Lập trình VBA trong Excel  |b Dùng cho các phiên bản 2021, 2019, 2016  |c Phạm Quang Huấn, Phạm Quang Huy 
250 |a Tái bản lần 1 
260 |a H.  |b Thanh niên  |c 2022 
300 |a 456 tr.  |b Minh họa  |c 24cm 
490 |a Tủ sách STK 
520 3 |a Giới thiệu lý thuyết và hướng dẫn thực hành lập trình VBA trong Excel: Tổng quan, sự khác biệt giữa VBA và Basic, tham chiếu đến các Range, vòng lặp và điều khiển dòng, các công thức kiểu R1C1, tạo và vận dụng các tên trong VBA, lập trình sự kiện, mảng, tạo các lớp và các bộ sưu tập, các biểu mẫu người dùng. 
653 |a Công nghệ thông tin 
700 1 |a Phạm Quang Huy 
942 |2 ddc  |c BK 
952 |0 0  |1 0  |2 ddc  |4 0  |6 005_540000000000000_H502  |7 0  |9 26635  |a 000001  |b 000001  |d 2023-01-17  |o 005.54 H502  |p MD.21036  |r 2023-01-17  |v 192000.00  |w 2023-01-17  |y BK 
952 |0 0  |1 0  |2 ddc  |4 0  |6 005_540000000000000_H502  |7 0  |9 26636  |a 000001  |b 000001  |d 2023-01-17  |o 005.54 H502  |p MD.21037  |r 2023-01-17  |v 192000.00  |w 2023-01-17  |y BK 
952 |0 0  |1 0  |2 ddc  |4 0  |6 005_540000000000000_H502  |7 0  |9 26637  |a 000001  |b 000001  |d 2023-01-17  |o 005.54 H502  |p MD.21038  |r 2023-01-17  |v 192000.00  |w 2023-01-17  |y BK 
952 |0 0  |1 0  |2 ddc  |4 0  |6 005_540000000000000_H502  |7 0  |9 26638  |a 000001  |b 000001  |d 2023-01-17  |o 005.54 H502  |p MD.21039  |r 2023-01-17  |v 192000.00  |w 2023-01-17  |y BK 
952 |0 0  |1 0  |2 ddc  |4 0  |6 005_540000000000000_H502  |7 0  |9 26639  |a 000001  |b 000001  |d 2023-01-17  |o 005.54 H502  |p MD.21040  |r 2023-01-17  |v 192000.00  |w 2023-01-17  |y BK 
952 |0 0  |1 0  |2 ddc  |4 0  |6 005_540000000000000_H502  |7 0  |9 26640  |a 000001  |b 000001  |d 2023-01-17  |o 005.54 H502  |p MD.21041  |r 2023-01-17  |v 192000.00  |w 2023-01-17  |y BK 
952 |0 0  |1 0  |2 ddc  |4 0  |6 005_540000000000000_H502  |7 0  |9 26641  |a 000001  |b 000001  |d 2023-01-17  |o 005.54 H502  |p MD.21042  |r 2023-01-17  |v 192000.00  |w 2023-01-17  |y BK 
952 |0 0  |1 0  |2 ddc  |4 0  |6 005_540000000000000_H502  |7 0  |9 26642  |a 000001  |b 000001  |d 2023-01-17  |o 005.54 H502  |p MD.21043  |r 2023-01-17  |v 192000.00  |w 2023-01-17  |y BK 
952 |0 0  |1 0  |2 ddc  |4 0  |6 005_540000000000000_H502  |7 0  |9 26643  |a 000001  |b 000001  |d 2023-01-17  |o 005.54 H502  |p MD.21044  |r 2023-01-17  |v 192000.00  |w 2023-01-17  |y BK 
952 |0 0  |1 0  |2 ddc  |4 0  |6 005_540000000000000_H502  |7 0  |9 26644  |a 000001  |b 000001  |d 2023-01-17  |o 005.54 H502  |p MD.21045  |r 2023-01-17  |v 192000.00  |w 2023-01-17  |y BK 
980 |a Thư viện Trường Đại học Nam Cần Thơ